000 00791nam a2200229Ia 4500
001 8841
003 GE_BSU
008 181216s||||||||xx |||||||||||||| ||und||
040 _cGE_BSU
080 _a821.353.1–1
100 _aკალაძე,კარლო
245 _aმხოლოდ ახალი, მხოლოდ რჩეული
245 _bლექსები
245 _cრედ.თ.დაუშვილი;მხატვ.ნ. ბურჯანაძე
260 _aთბილისი
260 _bსაბჭოთა საქართველო
260 _c1976
300 _a302გვ.22სმ.
653 _aლექსები
653 _aმხოლოდ ახალი, მხოლოდ რჩეული
942 _cBK
999 _c42148
_d42148